| 000 | 00626cam a22002172 4500 | ||
|---|---|---|---|
| 001 | 0000003029 | ||
| 005 | 20151217151912.0 | ||
| 008 | 070426s xx 000 0 eng d | ||
| 020 |
_a0136053955 : _c$ |
||
| 040 |
_aKABU _cKABU |
||
| 050 | 0 |
_aHG4027.5 _b.B83 1992 |
|
| 100 | 1 |
_aBuckley, Adrian. _@0000152597 |
|
| 245 | 1 | 0 | _aMultinational Finance. |
| 250 | _a2nd ed. | ||
| 260 |
_aNew York : _bPrentice Hall, _c1992. |
||
| 300 |
_axii, 708 p ; _c cm. |
||
| 650 | 0 |
_aInternational business enterprises _xFinance. _@0000152529 |
|
| 908 | _a070426 | ||
| 950 | _@1 | ||
| 999 |
_c6179 _d6179 |
||